Detalles MARC
| 000 -LÍDER |
| Campo fijo de descripción fija |
02026aam a2200337 i 4500 |
| 001 - NÚMERO DE CONTROL |
| Campo de control |
768714001 |
| 003 - IDENTIFICADOR DEL NÚMERO DE CONTROL |
| Campo de control |
CO-MdFUSB |
| 005 - FECHA Y HORA DE LA ULTIMA TRANSACCIÓN |
| control field |
20231018153229.0 |
| 007 - CAMPO FIJO DE DESCRIPCIÓN FIJA--INFORMACIÓN GENERAL |
| Campo fijo de descripción fija |
ta |
| 008 - ELEMENTOS DE LONGITUD FIJA -- INFORMACIÓN GENERAL |
| Campo fijo de descripción fija -- Información general |
231003t19822005spa||||g |||| 00| 0 spa d |
| 020 ## - NÚMERO INTERNACIONAL NORMALIZADO PARA LIBROS |
| Número Internacional Normalizado del libro |
8482673009 |
| 040 ## - FUENTE DE CATALOGACIÓN |
| Agencia de catalogación original |
CO-MdFUSB |
| Idioma de catalogación |
spa |
| Agencia que realiza la transcripción |
CO-MdFUSB |
| Agencia que realiza la modificación |
CO-MdFUSBC |
| Convenciones de la descripción |
rda |
| 041 ## - CÓDIGO DE IDIOMA |
| Código de idioma para texto/pista de sonido o título separado |
spa |
| 082 ## - NÚMERO DE CLASIFICACIÓN DECIMAL DEWEY |
| Número de la edición del Dewey |
23 |
| Número de clasificación |
248.32 |
| Clave de autor-Numero de item |
M817 |
| 100 ## - ASIENTO PRINCIPAL--NOMBRE PERSONAL |
| Nombre personal |
Moody, D.L, |
| Término relacionador |
autor |
| 245 13 - TÍTULO |
| Título del Material |
La oración que prevalece |
| Mención de responsabilidad, etc. |
/ D. L. Moody |
| 264 #1 - PRODUCCIÓN, PUBLICACIÓN, DISTRIBUCIÓN, MANUFACTURA, Y COPYRIGHT |
| Lugar de producción, publicación, distribución, manufactura |
Barcelona, España : |
| Nombre del productor, publicador, distribuidor |
Clie, |
| Fecha de producción, publicación, distribución, manufactura, o copyright |
[1982] |
| 264 #4 - PRODUCCIÓN, PUBLICACIÓN, DISTRIBUCIÓN, MANUFACTURA, Y COPYRIGHT |
| Fecha de producción, publicación, distribución, manufactura, o copyright |
©1982 |
| 300 ## - DESCRIPCIÓN FÍSICA |
| Extensión |
112 páginas |
| Dimensiones |
; 18 cm |
| 336 ## - TIPO DE CONTENIDO |
| Fuente |
rdacontent |
| Término de tipo de contenido |
texto |
| Código de tipo de contenido |
txt |
| 337 ## - TIPO DE MEDIO |
| Fuente |
rdamedia |
| Nombre del tipo de medio |
sin mediación |
| Código del tipo de medio |
n |
| 338 ## - TIPO DE SOPORTE |
| Fuente |
rdacarrier |
| Nombre del tipo de soporte |
volumen |
| Código Tipo de soporte |
nc |
| 490 ## - MENCIÓN DE SERIE |
| Mención de serie |
Perlas escogidas |
| 505 ## - NOTA DE CONTENIDO |
| Nota de contenido con formato preestablecido |
Capítulo 1. Las oraciones de la Biblia -- Capítulo 2. Adoración -- Capítulo 3. Confesión -- Capítulo 4. Restitución -- Capítulo 5. Acción de gracias -- Capítulo 6. Perdón -- Capítulo 7. La unidad -- Capítulo 8. La Fe -- Capítulo 9. Petición -- 10. Sumisión -- Capítulo 11. Oraciones contestadas. |
| 520 ## - NOTA DE RESUMEN, ETC. |
| Nota de sumario, etc. |
La oración que prevalece es un clásico sobre la oración, salido de la pluma de uno de los más significativos hombres de Dios en la historia del cristianismo en los Estados Unidos, y a la vez uno de los más grandes y reconocidos predicadores del siglo XIX: D. L. Moody. Transfiriendo al mundo del papel y la tinta su inimitable estilo de gran orador, los mensajes de Moody que transcriben estas páginas aportan una visión tan completa como innovadora del tema de la oración, partiendo de las grandes oraciones que encontramos en la Biblia. Basándose en ellas, analiza uno a uno los nueve elementos esenciales de toda oración que, según el gran predicador, constituyen el secreto para que nuestras oraciones resulten eficaces y prevalezcan: adoración, confesión, restitución, acción de gracias, perdón, unión, fe, súplica y sumisión. |
| 563 ## - NOTA DE ENCUADERNACIÓN |
| Nota de encuadernación |
Rústico |
| 650 #0 - ASIENTO SECUNDARIO DE MATERIA - TERMINO TEMÁTICO |
| 9 (RLIN) |
51 |
| Término temático o nombre geográfico como elemento de entrada |
Vida espiritual |
| 650 #7 - ASIENTO SECUNDARIO DE MATERIA - TERMINO TEMÁTICO |
| 9 (RLIN) |
86 |
| Término temático o nombre geográfico como elemento de entrada |
Oración |
| 942 ## - TIPO DE MATERIAL (KOHA) |
| Tipo de Item KOHA |
Libros General |
| 945 ## - INFORMACIÓN LOCAL DEL REGISTRO |
| Catalogador |
sor1564 |